00913nam a2200253 i 4500001001400000003000400014005001700018008004100035020002800076040002900104082001600133100003300149245007200182264005800254300005100312336002100363337002500384338002300409490005500432504002400487650005200511650004100563830005500604vtls000659393PNM20180728150117.0111025s2012 my a d | 000 0 may  a9789673910779qhardback aBNMcPNMbengdPPAKerda04a305.2352230 aAishah Aziz,d1983-eauthor.10aGEJALA SOSIAL :bSIAPA PATUT DIPERSALAHKAN?nJILID 5 /cAishah Aziz 1aSeri Kembangan, Selangor :bPenerbitan Premier,c2012 aiv, 44 pages. :bcolour illustrations ;c30 cm 2rdacontentatext 2rdamediaaunmediated 2rdacarrieravolume1 aSIRI KEUNGGULAN SIVIK PEMANGKIN GENERASI CEMERLANG aBibliografi: ms. 4410aTeenagersxConduct of lifevJuvenile literature20aSocial problemsvJuvenile literature 0aSiri keunggulan sivik pemangkin generasi cemerlang